[Event "Biella op 1st"]
[Site "Biella"]
[Date "2010.09.25"]
[Round "2"]
[White "Bazzeato, Stefano"]
[Black "Bardone, Lorenzo"]
[Result "1/2-1/2"]
[WhiteElo "2052"]
[BlackElo "1596"]
[PlyCount "54"]
[EventDate "2010.09.24"]
[EventType "swiss"]
[EventRounds "5"]
[EventCountry "ITA"]
[SourceTitle "EXT 2024"]
[Source "ChessBase"]
[SourceDate "2023.10.10"]
[SourceVersion "1"]
[SourceVersionDate "2023.10.10"]
[SourceQuality "1"]

1. d4 d5 2. c4 c6 3. Nc3 Nf6 4. Nf3 a6 5. g3 b5 6. cxd5 cxd5 7. Bg2 Bb7 8. 0-0 Nbd7 9. Bf4 Rc8 10. Qb3 e6 11. Ne5 Be7 12. Rfd1 0-0 13. h4 Nxe5 14. Bxe5 Nd7 15. Bf4 Nb6 16. Nb1 Nc4 17. Nd2 Bf6 18. a4 Na5 19. Qd3 bxa4 20. e3 Qb6 21. Rxa4 Bc6 22. Ra2 Bb5 23. Qa3 Nc4 24. Qb4 Nxd2 25. Qxd2 Bc4 26. Qa5 Qxa5 27. Rxa5 Be7 1/2-1/2